Global market view (Record no. 109063)

MARC details
000 -LEADER
fixed length control field 01302cad a22002295a 4500
001 - CONTROL NUMBER
control field L146164
008 - FIXED-LENGTH DATA ELEMENTS--GENERAL INFORMATION
fixed length control field 081215s2008 xxkad f s 000 0 eng d
035 ## - SYSTEM CONTROL NUMBER
System control number (Sirsi) u146164
041 0# - LANGUAGE CODE
Language code of text/sound track or separate title eng
050 04 - LIBRARY OF CONGRESS CALL NUMBER
Classification number 333.33 $2 18
110 2# - MAIN ENTRY--CORPORATE NAME
Corporate name or jurisdiction name as entry element CB Richard Ellis
9 (RLIN) 3675
245 00 - TITLE STATEMENT
Title Global market view
Remainder of title office occupancy costs
Medium [electronic resource]
260 ## - PUBLICATION, DISTRIBUTION, ETC.
Place of publication, distribution, etc. [S.l.]
Name of publisher, distributor, etc. CBRE
Date of publication, distribution, etc. 2008
490 #0 - SERIES STATEMENT
Series statement CB Richard Ellis Global Market View
-- Office Occupancy Costs
Volume/sequential designation 2008
520 ## - SUMMARY, ETC.
Summary, etc. Reports that just over 80% of office markets are showing flat or rising occupancy costs. Finds that the Europe, Middle East and Africa region has the world's most expensive office markets. London's West End tops the list with an occupancy cost of $248.66 per square feet, follwed by Moscow at $234.73 per square feet. Reports the average rate of growth for occupancy costs was 8%, nearly double 2007 world inflation rate. Concludes that the fastest growing markets (Abu Dhabi, United Arab Emirates, Dubai) are in the Middle East.
590 ## - LOCAL NOTE (RLIN)
Local note KA
650 24 - SUBJECT ADDED ENTRY--TOPICAL TERM
Topical term or geographic name entry element CB RICHARD ELLIS GLOBAL MARKET VIEW OFFICE OCCUPANCY COSTS
651 #4 - SUBJECT ADDED ENTRY--GEOGRAPHIC NAME
Geographic name International
690 ## - LOCAL SUBJECT ADDED ENTRY--TOPICAL TERM (OCLC, RLIN)
Topical term or geographic name as entry element PROPERTY-COMMERCIAL PROPERTY-COMMERCIAL PROPERTY MARKET
856 40 - ELECTRONIC LOCATION AND ACCESS
Uniform Resource Identifier <a href="https://www.cbre.co.uk/">https://www.cbre.co.uk/</a>
Public note View the item free of charge at www.cbre.co.uk...
942 ## - ADDED ENTRY ELEMENTS (KOHA)
Suppress in OPAC 0
Holdings
Withdrawn status Lost status Source of classification or shelving scheme Damaged status Not for loan Home library Current library Shelving location Date acquired Total Checkouts Full call number Barcode Date last seen Copy number Price effective from Koha item type
    Dewey Decimal Classification     Virtual Virtual Online 13/01/2009   ONLINE PUBLICATION 146164-1001 06/08/2019 1 06/08/2019 Book